Finish the TV Show Quiz Stats

 Plays Quiz Updated Jul 14, 2017

Challenge
Share
Tweet
Embed
Score 0/50 Timer 07:00
2 Plays Today
Start of Title Rest of Title % Correct
Buffy...The Vampire Slayer
95.1%
Malcolm...In the Middle
94.9%
Alvin...And the Chipmunks
91.5%
Dancing...With the Stars
91.3%
Sabrina...The Teenage Witch
90.6%
Deal...Or No Deal
90.1%
Sex...And the City
89.9%
Saved...By the Bell
88.5%
How I...Met Your Mother
87.1%
Married...With Children
87%
The Fresh...Prince of Bel-Air
85.9%
Days...Of Our Lives
85.1%
3rd...Rock From the Sun
84.2%
All in...The Family
82.1%
Leave It...To Beaver
81.9%
Who Wants...To Be a Millionaire
81.5%
Walker...Texas Ranger
78.4%
The Young...And the Restless
77.7%
Curb...Your Enthusiasm
77.5%
Touched...By an Angel
77.5%
Lifestyles...Of the Rich and Famous
74%
Parks...and Recreation
71.8%
Xena...Warrior Princess
71.1%
Whose...Line Is It Anyway?
70.3%
Late Show...With David Letterman
70%
Start of Title Rest of Title % Correct
It's Always...Sunny in Philadelphia
69.8%
Josie...And the Pussycats
68.8%
Queer...Eye for the Straight Guy
68.7%
The Suite...Life of Zack & Cody
62.8%
Teenage...Mutant Ninja Turtles
58.6%
Rocko's...Modern Life
53.6%
ABC's Wide...World of Sports
51.7%
CSI...Crime Scene Investigation
51.1%
Extreme...Makeover: Home Edition
50.2%
Little...House on the Prairie
47.9%
Car 54...Where Are You?
44.6%
Are You...Smarter Than a Fifth Grader?
42.1%
Tales...From the Crypt
41.1%
Monty...Python's Flying Circus
40.8%
WKRP...In Cincinnati
36.9%
Courage...The Cowardly Dog
34.7%
Flight...Of the Conchords
33.8%
The Six...Million Dollar Man
26.8%
Jake...And the Fatman
26.4%
The Kids...In the Hall
25.9%
Homicide...Life on the Street
24.8%
Who Do...You Think You Are?
24.1%
Rowan &...Martin's Laugh-In
23.7%
Mystery...Science Theater 3000
15.7%
GI Joe...A Real American Hero
15.3%

You're not logged in!

Compare scores with friends on all Sporcle quizzes.
Join for Free
OR
Log In

You Might Also Like...

Show Comments

Extras

Top Quizzes Today


Score Distribution

Your Account Isn't Verified!

In order to create a playlist on Sporcle, you need to verify the email address you used during registration. Go to your Sporcle Settings to finish the process.

Report this User

Report this user for behavior that violates our Community Guidelines.

Details: